00320nam a2200133Ia 4500003000400000008004100004082001500045100002000060245004900080250000800129260003300137300000800170650000800178OSt191201s2009 xx 000 0 und d a658.3bLAP aLALL, Madhurima 0aPersonal Growth and Training and Development a1st aNew DelhibExcel Booksc2009 a572 aMBA